[Event "Benidorm Satellite preliminary"]
[Site "playchess.com #007036"]
[Date "2009.10.24"]
[Round "5"]
[White "High_me"]
[Black "JS_Mastropiero"]
[Result "1-0"]
[WhiteElo "2530"]
[BlackElo "2095"]
[PlyCount "51"]
[EventDate "2009.10.24"]
[EventType "swiss (blitz)"]

1. e4 {[%emt 0:00:03]} c5 {[%emt 0:00:02]} 2. Nf3 {[%emt 0:00:02]} d6 {[%emt 0:
00:01]} 3. d4 {[%emt 0:00:01]} cxd4 {[%emt 0:00:01]} 4. Nxd4 {[%emt 0:00:00]}
Nf6 {[%emt 0:00:01]} 5. f3 {[%emt 0:00:00]} e5 {[%emt 0:00:03]} 6. Bb5+ {[%emt
0:00:01]} Nbd7 {[%emt 0:00:03]} 7. Nf5 {[%emt 0:00:01]} d5 {[%emt 0:00:02]} 8.
exd5 {[%emt 0:00:00]} a6 {[%emt 0:00:03]} 9. Ba4 {[%emt 0:00:00]} b5 {[%emt 0:
00:03]} 10. Bb3 {[%emt 0:00:01]} Nb6 {[%emt 0:00:06]} 11. Qd3 {[%emt 0:00:02]}
Bb7 {[%emt 0:00:17]} 12. Nc3 {[%emt 0:00:09]} Nbxd5 {[%emt 0:00:14]} 13. Nxd5 {
[%emt 0:00:13]} Bxd5 {[%emt 0:00:02]} 14. Bg5 {[%emt 0:00:05]} Bxb3 {[%emt 0:
00:11]} 15. Qxd8+ {[%emt 0:00:02]} Rxd8 {[%emt 0:00:06]} 16. axb3 {[%emt 0:00:
01]} Ra8 {[%emt 0:00:09]} 17. Bxf6 {[%emt 0:00:02]} gxf6 {[%emt 0:00:01]} 18.
Ke2 {[%emt 0:00:05]} Bc5 {[%emt 0:00:04]} 19. Rhd1 {[%emt 0:00:02]} O-O {[%emt
0:00:02]} 20. Rd7 {[%emt 0:00:11]} h5 {[%emt 0:00:05]} 21. c3 {[%emt 0:00:03]}
Kh7 {[%emt 0:00:11]} 22. b4 {[%emt 0:00:02]} Bb6 {[%emt 0:00:04]} 23. Rd6 {
[%emt 0:00:03]} Bd8 {[%emt 0:00:03]} 24. Rdxa6 {[%emt 0:00:08]} Rxa6 {[%emt 0:
00:01]} 25. Rxa6 {[%emt 0:00:00]} Kg6 {[%emt 0:00:01]} 26. Nd6 {[%emt 0:00:04]
JS_Mastropiero rinde} 1-0

[Event "Benidorm Satellite preliminary"]
[Site "playchess.com #007036"]
[Date "2009.10.24"]
[Round "5"]
[White "Jolan"]
[Black "Tpeter"]
[Result "1-0"]
[WhiteElo "1711"]
[BlackElo "1183"]
[PlyCount "43"]
[EventDate "2009.10.24"]
[EventType "swiss (blitz)"]

1. d4 {[%emt 0:00:01]} d5 {[%emt 0:00:02]} 2. c4 {[%emt 0:00:00]} dxc4 {[%emt
0:00:01]} 3. e4 {[%emt 0:00:01]} e6 {[%emt 0:00:06]} 4. Bxc4 {[%emt 0:00:02]}
c5 {[%emt 0:00:10]} 5. Nf3 {[%emt 0:00:02]} b6 {[%emt 0:00:05]} 6. d5 {[%emt 0:
00:01]} Bb7 {[%emt 0:00:08]} 7. Nc3 {[%emt 0:00:02]} Nf6 {[%emt 0:00:05]} 8.
O-O {[%emt 0:00:02]} exd5 {[%emt 0:00:05]} 9. exd5 {[%emt 0:00:05]} Be7 {[%emt
0:00:17]} 10. Bb5+ {[%emt 0:00:02]} Nbd7 {[%emt 0:00:06]} 11. d6 {[%emt 0:00:
02]} Bxf3 {[%emt 0:00:26]} 12. gxf3 {[%emt 0:00:13]} O-O {[%emt 0:00:12]} 13.
dxe7 {[%emt 0:00:02]} Qxe7 {[%emt 0:00:01]} 14. Bg5 {[%emt 0:00:03]} Ne5 {
[%emt 0:00:06]} 15. Nd5 {[%emt 0:00:09]} Rad8 {[%emt 0:00:10]} 16. Nxe7+ {
[%emt 0:00:04]} Kh8 {[%emt 0:00:06]} 17. Qe2 {[%emt 0:00:06]} Rd6 {[%emt 0:00:
19]} 18. Rad1 {[%emt 0:00:17]} Rfd8 {[%emt 0:00:03]} 19. Rxd6 {[%emt 0:00:02]}
Rxd6 {[%emt 0:00:01]} 20. Rd1 {[%emt 0:00:03]} Re6 {[%emt 0:00:03]} 21. Rd8+ {
[%emt 0:00:06]} Ng8 {[%emt 0:00:04]} 22. Rxg8# {[%emt 0:00:02]} 1-0

[Event "Benidorm Satellite preliminary"]
[Site "playchess.com #007036"]
[Date "2009.10.24"]
[Round "5"]
[White "Bobby Short"]
[Black "Benitotj"]
[Result "0-1"]
[WhiteElo "1396"]
[BlackElo "1396"]
[PlyCount "44"]
[EventDate "2009.10.24"]
[EventType "swiss (blitz)"]

1. e4 {[%emt 0:00:02]} e5 {[%emt 0:00:01]} 2. Nf3 {[%emt 0:00:02]} Nc6 {[%emt
0:00:01]} 3. Bc4 {[%emt 0:00:01]} Nf6 {[%emt 0:00:01]} 4. d3 {[%emt 0:00:02]}
Na5 {[%emt 0:00:05]} 5. Bb3 {[%emt 0:00:08]} Nxb3 {[%emt 0:00:01]} 6. axb3 {
[%emt 0:00:02]} d6 {[%emt 0:00:01]} 7. Bg5 {[%emt 0:00:03]} Be7 {[%emt 0:00:01]
} 8. O-O {[%emt 0:00:02]} Bg4 {[%emt 0:00:01]} 9. h3 {[%emt 0:00:02]} Bh5 {
[%emt 0:00:03]} 10. Nbd2 {[%emt 0:00:03]} O-O {[%emt 0:00:02]} 11. c3 {[%emt 0:
00:02]} Nd7 {[%emt 0:00:07]} 12. Be3 {[%emt 0:00:04]} c6 {[%emt 0:00:18]} 13.
Qc2 {[%emt 0:00:05]} Bg6 {[%emt 0:00:13]} 14. d4 {[%emt 0:00:05]} f5 {[%emt 0:
00:14]} 15. dxe5 {[%emt 0:00:07]} fxe4 {[%emt 0:00:03]} 16. Nh2 {[%emt 0:00:22]
} Nxe5 {[%emt 0:00:09]} 17. Bd4 {[%emt 0:00:06]} Bf6 {[%emt 0:00:10]} 18. Ng4 {
[%emt 0:00:06]} Nxg4 {[%emt 0:00:05]} 19. hxg4 {[%emt 0:00:03]} d5 {[%emt 0:00:
17]} 20. Rxa7 {[%emt 0:00:17]} Rxa7 {[%emt 0:00:04]} 21. Bxa7 {[%emt 0:00:02]}
e3 {[%emt 0:00:04]} 22. fxe3 {[%emt 0:00:03]} Bxc2 {[%emt 0:00:03] Bobby Short
gibt auf} 0-1

[Event "Benidorm Satellite preliminary"]
[Site "playchess.com #007036"]
[Date "2009.10.24"]
[Round "5"]
[White "Aage"]
[Black "Rpughiii"]
[Result "1-0"]
[WhiteElo "1691"]
[BlackElo "1323"]
[PlyCount "37"]
[EventDate "2009.10.24"]
[EventType "swiss (blitz)"]

1. d4 {[%emt 0:00:01]} d5 {[%emt 0:00:02]} 2. c4 {[%emt 0:00:02]} e6 {[%emt 0:
00:02]} 3. Nc3 {[%emt 0:00:02]} Nf6 {[%emt 0:00:02]} 4. e3 {[%emt 0:00:02]} Be7
{[%emt 0:00:05]} 5. Nf3 {[%emt 0:00:03]} O-O {[%emt 0:00:02]} 6. Bd3 {[%emt 0:
00:05]} Nbd7 {[%emt 0:00:09]} 7. O-O {[%emt 0:00:02]} Re8 {[%emt 0:00:09]} 8.
Qc2 {[%emt 0:00:05]} dxc4 {[%emt 0:00:02]} 9. Bxc4 {[%emt 0:00:01]} c5 {[%emt
0:00:02]} 10. b3 {[%emt 0:00:14]} b6 {[%emt 0:00:09]} 11. Bb2 {[%emt 0:00:03]}
Bb7 {[%emt 0:00:02]} 12. Be2 {[%emt 0:00:03]} cxd4 {[%emt 0:00:14]} 13. Nxd4 {
[%emt 0:00:03]} e5 {[%emt 0:00:04]} 14. Nf3 {[%emt 0:00:06]} Rc8 {[%emt 0:00:
10]} 15. Qd1 {[%emt 0:00:05]} e4 {[%emt 0:00:21]} 16. Nd4 {[%emt 0:00:03]} Ne5
{[%emt 0:00:27]} 17. Rc1 {[%emt 0:00:06]} Bd6 {[%emt 0:00:30]} 18. Ndb5 {[%emt
0:00:18]} a6 {[%emt 0:00:10]} 19. Nxd6 {[%emt 0:00:02] Rpughiii resigns} 1-0

[Event "Benidorm Satellite preliminary"]
[Site "playchess.com #007036"]
[Date "2009.10.24"]
[Round "5"]
[White "Baby Animals"]
[Black "Schachkanone2"]
[Result "1-0"]
[WhiteElo "1765"]
[BlackElo "1436"]
[PlyCount "65"]
[EventDate "2009.10.24"]
[EventType "swiss (blitz)"]

1. d4 {[%emt 0:00:02]} Nf6 {[%emt 0:00:04]} 2. e3 {[%emt 0:00:00]} d5 {[%emt 0:
00:02]} 3. c3 {[%emt 0:00:02]} e6 {[%emt 0:00:01]} 4. Nf3 {[%emt 0:00:00]} Be7
{[%emt 0:00:02]} 5. Bd3 {[%emt 0:00:00]} O-O {[%emt 0:00:02]} 6. Nbd2 {[%emt 0:
00:00]} Nbd7 {[%emt 0:00:02]} 7. h4 {[%emt 0:00:02]} c5 {[%emt 0:00:01]} 8. e4
{[%emt 0:00:01]} dxe4 {[%emt 0:00:02]} 9. Nxe4 {[%emt 0:00:01]} cxd4 {[%emt 0:
00:03]} 10. cxd4 {[%emt 0:00:04]} a6 {[%emt 0:00:02]} 11. Nxf6+ {[%emt 0:00:03]
} Nxf6 {[%emt 0:00:10]} 12. Bg5 {[%emt 0:00:01]} b5 {[%emt 0:00:03]} 13. Bxf6 {
[%emt 0:00:01]} Bxf6 {[%emt 0:00:02]} 14. Bxh7+ {[%emt 0:00:00]} Kxh7 {[%emt 0:
00:02]} 15. Ng5+ {[%emt 0:00:01]} Kg8 {[%emt 0:00:01]} 16. Qh5 {[%emt 0:00:02]}
Re8 {[%emt 0:00:12]} 17. Qxf7+ {[%emt 0:00:04]} Kh8 {[%emt 0:00:02]} 18. Qh5+ {
[%emt 0:00:08]} Kg8 {[%emt 0:00:02]} 19. O-O-O {[%emt 0:00:15]} Bxg5+ {[%emt 0:
00:09]} 20. hxg5 {[%emt 0:00:01]} Kf8 {[%emt 0:00:07]} 21. Qh8+ {[%emt 0:00:03]
} Ke7 {[%emt 0:00:02]} 22. Qxg7+ {[%emt 0:00:01]} Kd6 {[%emt 0:00:06]} 23. Qe5+
{[%emt 0:00:04]} Kd7 {[%emt 0:00:09]} 24. Rh7+ {[%emt 0:00:04]} Re7 {[%emt 0:
00:02]} 25. Rxe7+ {[%emt 0:00:18]} Qxe7 {[%emt 0:00:01]} 26. d5 {[%emt 0:00:02]
} Ke8 {[%emt 0:00:23]} 27. d6 {[%emt 0:00:06]} Qf7 {[%emt 0:00:26]} 28. f4 {
[%emt 0:00:09]} Bb7 {[%emt 0:00:08]} 29. d7+ {[%emt 0:00:06]} Ke7 {[%emt 0:00:
07]} 30. Qc5+ {[%emt 0:00:21]} Kd8 {[%emt 0:00:07]} 31. Qb6+ {[%emt 0:00:01]}
Ke7 {[%emt 0:00:03]} 32. d8=Q+ {[%emt 0:00:04]} Rxd8 {[%emt 0:00:01]} 33. Qxd8#
{[%emt 0:00:01]} 1-0

[Event "Benidorm Satellite preliminary"]
[Site "playchess.com #007036"]
[Date "2009.10.24"]
[Round "5"]
[White "Direchess"]
[Black "Dolorian"]
[Result "1-0"]
[WhiteElo "1938"]
[BlackElo "1517"]
[PlyCount "37"]
[EventDate "2009.10.24"]
[EventType "swiss (blitz)"]

1. e4 {[%emt 0:00:35]} c6 {[%emt 0:00:02]} 2. d4 {[%emt 0:00:08]} d5 {[%emt 0:
00:01]} 3. exd5 {[%emt 0:00:05]} cxd5 {[%emt 0:00:01]} 4. Bd3 {[%emt 0:00:05]}
Nc6 {[%emt 0:00:07]} 5. c3 {[%emt 0:00:14]} Qb6 {[%emt 0:00:17]} 6. h3 {[%emt
0:00:15]} Nf6 {[%emt 0:00:03]} 7. Nf3 {[%emt 0:00:01]} Bd7 {[%emt 0:00:14]} 8.
O-O {[%emt 0:00:02]} g6 {[%emt 0:00:06]} 9. Re1 {[%emt 0:00:05]} Bg7 {[%emt 0:
00:02]} 10. Qe2 {[%emt 0:00:01]} O-O {[%emt 0:00:04]} 11. Nbd2 {[%emt 0:00:09]}
Rac8 {[%emt 0:00:02]} 12. Nf1 {[%emt 0:00:07]} Qc7 {[%emt 0:00:04]} 13. Ne5 {
[%emt 0:00:09]} e6 {[%emt 0:00:07]} 14. Bf4 {[%emt 0:00:06]} Nh5 {[%emt 0:00:
11]} 15. Bh2 {[%emt 0:00:06]} f6 {[%emt 0:00:21]} 16. Nxg6 {[%emt 0:00:04]}
hxg6 {[%emt 0:00:05]} 17. Bxc7 {[%emt 0:00:02]} Rxc7 {[%emt 0:00:03]} 18. Bxg6
{[%emt 0:00:01]} Ne7 {[%emt 0:00:04]} 19. Bxh5 {[%emt 0:00:01] Dolorian resigns
} 1-0

[Event "Benidorm Satellite preliminary"]
[Site "playchess.com #007036"]
[Date "2009.10.24"]
[Round "5"]
[White "David Lynch"]
[Black "Vijayvikram"]
[Result "1-0"]
[WhiteElo "2082"]
[BlackElo "1773"]
[PlyCount "43"]
[EventDate "2009.10.24"]
[EventType "swiss (blitz)"]

1. d4 {[%emt 0:00:04]} Nf6 {[%emt 0:00:02]} 2. c4 {[%emt 0:00:00]} c5 {[%emt 0:
00:02]} 3. d5 {[%emt 0:00:02]} e6 {[%emt 0:00:01]} 4. Nc3 {[%emt 0:00:02]} exd5
{[%emt 0:00:01]} 5. cxd5 {[%emt 0:00:00]} d6 {[%emt 0:00:01]} 6. e4 {[%emt 0:
00:01]} g6 {[%emt 0:00:01]} 7. Nf3 {[%emt 0:00:00]} Bg7 {[%emt 0:00:01]} 8. Nd2
{[%emt 0:00:01]} O-O {[%emt 0:00:18]} 9. Be2 {[%emt 0:00:02]} Re8 {[%emt 0:00:
04]} 10. O-O {[%emt 0:00:01]} a6 {[%emt 0:00:16]} 11. a4 {[%emt 0:00:04]} Qc7 {
[%emt 0:00:16]} 12. h3 {[%emt 0:00:06]} Nbd7 {[%emt 0:00:09]} 13. f4 {[%emt 0:
00:02]} Rb8 {[%emt 0:00:10]} 14. e5 {[%emt 0:00:04]} dxe5 {[%emt 0:00:12]} 15.
f5 {[%emt 0:00:01]} Nb6 {[%emt 0:00:32]} 16. Nc4 {[%emt 0:00:07]} Nxc4 {[%emt
0:00:38]} 17. Bxc4 {[%emt 0:00:00]} Bxf5 {[%emt 0:00:05]} 18. Rxf5 {[%emt 0:00:
10]} gxf5 {[%emt 0:00:05]} 19. Bg5 {[%emt 0:00:01]} Ne4 {[%emt 0:00:29]} 20.
Nxe4 {[%emt 0:00:02]} fxe4 {[%emt 0:00:00]} 21. Qg4 {[%emt 0:00:11]} b5 {[%emt
0:00:09]} 22. Bf6 {[%emt 0:00:06] Vijayvikram resigns} 1-0

[Event "Benidorm Satellite preliminary"]
[Site "playchess.com #007036"]
[Date "2009.10.24"]
[Round "5"]
[White "Sant"]
[Black "Heinz53"]
[Result "0-1"]
[WhiteElo "1934"]
[BlackElo "1661"]
[PlyCount "54"]
[EventDate "2009.10.24"]
[EventType "swiss (blitz)"]

1. e4 {[%emt 0:00:05]} d5 {[%emt 0:00:01]} 2. exd5 {[%emt 0:00:01]} Nf6 {[%emt
0:00:01]} 3. Nc3 {[%emt 0:00:02]} e6 {[%emt 0:00:01]} 4. dxe6 {[%emt 0:00:01]}
Bxe6 {[%emt 0:00:00]} 5. Nf3 {[%emt 0:00:03]} Bb4 {[%emt 0:00:02]} 6. a3 {
[%emt 0:00:06]} Ba5 {[%emt 0:00:02]} 7. b4 {[%emt 0:00:01]} Bb6 {[%emt 0:00:01]
} 8. Be2 {[%emt 0:00:02]} Nc6 {[%emt 0:00:04]} 9. O-O {[%emt 0:00:01]} Qd7 {
[%emt 0:00:02]} 10. Na4 {[%emt 0:00:07]} Bd4 {[%emt 0:00:07]} 11. c3 {[%emt 0:
00:03]} Be5 {[%emt 0:00:05]} 12. Nxe5 {[%emt 0:00:03]} Nxe5 {[%emt 0:00:02]}
13. d4 {[%emt 0:00:01]} Nc4 {[%emt 0:00:10]} 14. Nc5 {[%emt 0:00:05]} Qc6 {
[%emt 0:00:16]} 15. Nxe6 {[%emt 0:00:12]} Qxe6 {[%emt 0:00:02]} 16. Bxc4 {
[%emt 0:00:09]} Qxc4 {[%emt 0:00:01]} 17. Re1+ {[%emt 0:00:01]} Kd7 {[%emt 0:
00:05]} 18. Qf3 {[%emt 0:00:13]} Qd5 {[%emt 0:00:12]} 19. Qg3 {[%emt 0:00:09]}
g6 {[%emt 0:00:27]} 20. Bg5 {[%emt 0:00:07]} Ne4 {[%emt 0:00:04]} 21. Qh3+ {
[%emt 0:00:08]} f5 {[%emt 0:00:06]} 22. Bh6 {[%emt 0:00:05]} Rhe8 {[%emt 0:00:
14]} 23. Be3 {[%emt 0:00:07]} Re7 {[%emt 0:00:11]} 24. Rac1 {[%emt 0:00:04]}
Qc4 {[%emt 0:00:02]} 25. Bh6 {[%emt 0:00:08]} Rae8 {[%emt 0:00:04]} 26. Red1 {
[%emt 0:00:01]} Nxc3 {[%emt 0:00:16]} 27. Be3 {[%emt 0:00:16]} Ne2+ {[%emt 0:
00:05] Sant resigns} 0-1

[Event "Benidorm Satellite preliminary"]
[Site "playchess.com #007036"]
[Date "2009.10.24"]
[Round "5"]
[White "Henrik"]
[Black "Lucchi Lorenzo"]
[Result "1-0"]
[WhiteElo "1808"]
[BlackElo "2165"]
[PlyCount "59"]
[EventDate "2009.10.24"]
[EventType "swiss (blitz)"]

1. e4 {[%emt 0:00:03]} c5 {[%emt 0:00:02]} 2. Nf3 {[%emt 0:00:02]} Nc6 {[%emt
0:00:07]} 3. d4 {[%emt 0:00:03]} cxd4 {[%emt 0:00:00]} 4. Nxd4 {[%emt 0:00:01]}
g6 {[%emt 0:00:01]} 5. c4 {[%emt 0:00:03]} Bg7 {[%emt 0:00:01]} 6. Be3 {[%emt
0:00:04]} Nf6 {[%emt 0:00:02]} 7. Nc3 {[%emt 0:00:02]} O-O {[%emt 0:00:01]} 8.
f3 {[%emt 0:00:02]} a6 {[%emt 0:00:02]} 9. Be2 {[%emt 0:00:01]} Rb8 {[%emt 0:
00:01]} 10. O-O {[%emt 0:00:03]} d6 {[%emt 0:00:01]} 11. Kh1 {[%emt 0:00:04]}
Nxd4 {[%emt 0:00:03]} 12. Bxd4 {[%emt 0:00:01]} Be6 {[%emt 0:00:00]} 13. b3 {
[%emt 0:00:03]} Nd7 {[%emt 0:00:03]} 14. Bxg7 {[%emt 0:00:02]} Kxg7 {[%emt 0:
00:00]} 15. Qd2 {[%emt 0:00:04]} Ne5 {[%emt 0:00:04]} 16. Rad1 {[%emt 0:00:06]}
h5 {[%emt 0:00:03]} 17. f4 {[%emt 0:00:07]} Ng4 {[%emt 0:00:02]} 18. f5 {[%emt
0:00:04]} Bd7 {[%emt 0:00:04]} 19. Bxg4 {[%emt 0:00:05]} hxg4 {[%emt 0:00:02]}
20. Qg5 {[%emt 0:00:00]} e6 {[%emt 0:00:08]} 21. Qxg4 {[%emt 0:00:03]} exf5 {
[%emt 0:00:02]} 22. exf5 {[%emt 0:00:02]} Rh8 {[%emt 0:00:03]} 23. Nd5 {[%emt
0:00:06]} Rh4 {[%emt 0:00:12]} 24. Qg3 {[%emt 0:00:03]} Qh8 {[%emt 0:00:08]}
25. fxg6 {[%emt 0:00:19]} f6 {[%emt 0:00:08]} 26. Rde1 {[%emt 0:00:17]} Re8 {
[%emt 0:00:10]} 27. Qxd6 {[%emt 0:00:07]} Kxg6 {[%emt 0:00:21]} 28. Rxf6+ {
[%emt 0:00:19]} Kg5 {[%emt 0:00:27]} 29. Re5+ {[%emt 0:00:27]} Kg4 {[%emt 0:00:
21]} 30. Ne3# {[%emt 0:00:02]} 1-0

[Event "Benidorm Satellite preliminary"]
[Site "playchess.com #007036"]
[Date "2009.10.24"]
[Round "5"]
[White "HaraldEtuna"]
[Black "chess-vador"]
[Result "1-0"]
[WhiteElo "2149"]
[BlackElo "1791"]
[PlyCount "69"]
[EventDate "2009.10.24"]
[EventType "swiss (blitz)"]

1. e4 {[%emt 0:00:01]} c5 {[%emt 0:00:03]} 2. Nc3 {[%emt 0:00:01]} Nc6 {[%emt
0:00:03]} 3. g3 {[%emt 0:00:00]} e6 {[%emt 0:00:07]} 4. Bg2 {[%emt 0:00:01]}
Nge7 {[%emt 0:00:01]} 5. d3 {[%emt 0:00:01]} g6 {[%emt 0:00:02]} 6. f4 {[%emt
0:00:01]} Bg7 {[%emt 0:00:01]} 7. Nf3 {[%emt 0:00:01]} O-O {[%emt 0:00:02]} 8.
O-O {[%emt 0:00:01]} d5 {[%emt 0:00:02]} 9. g4 {[%emt 0:00:01]} f5 {[%emt 0:00:
10]} 10. gxf5 {[%emt 0:00:02]} exf5 {[%emt 0:00:10]} 11. e5 {[%emt 0:00:03]} d4
{[%emt 0:00:03]} 12. Ne2 {[%emt 0:00:02]} Be6 {[%emt 0:00:05]} 13. Ng3 {[%emt
0:00:10]} Bd5 {[%emt 0:00:06]} 14. Qe2 {[%emt 0:00:03]} b5 {[%emt 0:00:06]} 15.
a3 {[%emt 0:00:01]} a5 {[%emt 0:00:02]} 16. Ng5 {[%emt 0:00:04]} h6 {[%emt 0:
00:22]} 17. Bxd5+ {[%emt 0:00:05]} Qxd5 {[%emt 0:00:02]} 18. Nf3 {[%emt 0:00:
02]} Kh7 {[%emt 0:00:09]} 19. Bd2 {[%emt 0:00:06]} c4 {[%emt 0:00:08]} 20. h4 {
[%emt 0:00:03]} cxd3 {[%emt 0:00:36]} 21. cxd3 {[%emt 0:00:02]} Qb3 {[%emt 0:
00:02]} 22. Be1 {[%emt 0:00:06]} Nd5 {[%emt 0:00:05] chess-vador propose la
nulle} 23. Qd2 {[%emt 0:00:24]} Nce7 {[%emt 0:00:23]} 24. Bf2 {[%emt 0:00:02]}
Nc6 {[%emt 0:00:24]} 25. h5 {[%emt 0:00:02]} Ne3 {[%emt 0:00:08]} 26. Bxe3 {
[%emt 0:00:05]} dxe3 {[%emt 0:00:02]} 27. Qxe3 {[%emt 0:00:01]} Qxb2 {[%emt 0:
00:04]} 28. hxg6+ {[%emt 0:00:05]} Kxg6 {[%emt 0:00:06]} 29. Nh4+ {[%emt 0:00:
04]} Kh7 {[%emt 0:00:01]} 30. Nhxf5 {[%emt 0:00:01]} Rg8 {[%emt 0:00:12]} 31.
Qe4 {[%emt 0:00:02]} Kh8 {[%emt 0:00:09]} 32. Qxc6 {[%emt 0:00:02]} Bxe5 {
[%emt 0:00:01]} 33. fxe5 {[%emt 0:00:02]} Rxg3+ {[%emt 0:00:06]} 34. Nxg3 {
[%emt 0:00:02]} Qd4+ {[%emt 0:00:01]} 35. Kg2 {[%emt 0:00:03] chess-vador
abandonne} 1-0

[Event "Benidorm Satellite preliminary"]
[Site "playchess.com #007036"]
[Date "2009.10.24"]
[Round "5"]
[White "theentomologist"]
[Black "Shakked"]
[Result "0-1"]
[WhiteElo "1258"]
[BlackElo "1417"]
[PlyCount "106"]
[EventDate "2009.10.24"]
[EventType "swiss (blitz)"]

1. e4 {[%emt 0:00:02]} c5 {[%emt 0:00:01]} 2. Nf3 {[%emt 0:00:01]} d6 {[%emt 0:
00:01]} 3. d4 {[%emt 0:00:01]} cxd4 {[%emt 0:00:02]} 4. Nxd4 {[%emt 0:00:00]}
Nf6 {[%emt 0:00:01]} 5. Nc3 {[%emt 0:00:01]} g6 {[%emt 0:00:02]} 6. f3 {[%emt
0:00:03]} Bg7 {[%emt 0:00:03]} 7. Bc4 {[%emt 0:00:01]} O-O {[%emt 0:00:03]} 8.
Be3 {[%emt 0:00:01]} Nc6 {[%emt 0:00:03]} 9. g4 {[%emt 0:00:04]} Bd7 {[%emt 0:
00:04]} 10. Qd2 {[%emt 0:00:01]} Ne5 {[%emt 0:00:08]} 11. Be2 {[%emt 0:00:05]}
Rc8 {[%emt 0:00:02]} 12. O-O-O {[%emt 0:00:02]} Nc4 {[%emt 0:00:03]} 13. Bxc4 {
[%emt 0:00:01]} Rxc4 {[%emt 0:00:01]} 14. h4 {[%emt 0:00:01]} h5 {[%emt 0:00:
06]} 15. gxh5 {[%emt 0:00:03]} Nxh5 {[%emt 0:00:06]} 16. Bh6 {[%emt 0:00:05]}
Rxd4 {[%emt 0:00:04]} 17. Qe3 {[%emt 0:00:05]} Rxd1+ {[%emt 0:00:05]} 18. Rxd1
{[%emt 0:00:02]} Qb6 {[%emt 0:00:04]} 19. Qxb6 {[%emt 0:00:03]} axb6 {[%emt 0:
00:03]} 20. Bxg7 {[%emt 0:00:01]} Nxg7 {[%emt 0:00:05]} 21. Nd5 {[%emt 0:00:03]
} e6 {[%emt 0:00:05]} 22. Nxb6 {[%emt 0:00:02]} Bc6 {[%emt 0:00:02]} 23. Nc4 {
[%emt 0:00:03]} d5 {[%emt 0:00:02]} 24. exd5 {[%emt 0:00:03]} Bxd5 {[%emt 0:00:
01]} 25. Ne5 {[%emt 0:00:01]} Rc8 {[%emt 0:00:10]} 26. b3 {[%emt 0:00:05]} Nf5
{[%emt 0:00:03]} 27. c4 {[%emt 0:00:01]} Bc6 {[%emt 0:00:14]} 28. Rh1 {[%emt 0:
00:03]} Kg7 {[%emt 0:00:06]} 29. h5 {[%emt 0:00:02]} g5 {[%emt 0:00:02]} 30.
h6+ {[%emt 0:00:02]} Nxh6 {[%emt 0:00:03]} 31. Kd2 {[%emt 0:00:08]} f6 {[%emt
0:00:02]} 32. Nd3 {[%emt 0:00:10]} Bxf3 {[%emt 0:00:03]} 33. Rh3 {[%emt 0:00:
03]} g4 {[%emt 0:00:03]} 34. Rg3 {[%emt 0:00:01]} Nf5 {[%emt 0:00:05]} 35. Rg1
{[%emt 0:00:03]} e5 {[%emt 0:00:03]} 36. Kc3 {[%emt 0:00:02]} e4 {[%emt 0:00:
02]} 37. Nf4 {[%emt 0:00:01]} e3 {[%emt 0:00:03]} 38. Ne6+ {[%emt 0:00:03]} Kf7
{[%emt 0:00:04]} 39. Nf4 {[%emt 0:00:05]} e2 {[%emt 0:00:11]} 40. Kd2 {[%emt 0:
00:05]} Re8 {[%emt 0:00:04]} 41. b4 {[%emt 0:00:06]} g3 {[%emt 0:00:02]} 42.
Re1 {[%emt 0:00:06]} g2 {[%emt 0:00:06]} 43. Nxg2 {[%emt 0:00:03]} Bxg2 {[%emt
0:00:03]} 44. Rxe2 {[%emt 0:00:01]} Rxe2+ {[%emt 0:00:02]} 45. Kxe2 {[%emt 0:
00:01]} Ke6 {[%emt 0:00:01]} 46. a4 {[%emt 0:00:02]} Nd6 {[%emt 0:00:04]} 47.
Kd3 {[%emt 0:00:01]} Bf1+ {[%emt 0:00:02]} 48. Kd4 {[%emt 0:00:07]} Bxc4 {
[%emt 0:00:02]} 49. b5 {[%emt 0:00:01]} b6 {[%emt 0:00:03]} 50. Ke3 {[%emt 0:
00:03]} f5 {[%emt 0:00:01]} 51. Kf4 {[%emt 0:00:01]} Bxb5 {[%emt 0:00:02]} 52.
axb5 {[%emt 0:00:03]} Nxb5 {[%emt 0:00:00]} 53. Ke3 {[%emt 0:00:02]} Nc3 {
[%emt 0:00:02] theentomologist resigns} 0-1

[Event "Benidorm Satellite preliminary"]
[Site "playchess.com #007036"]
[Date "2009.10.24"]
[Round "5"]
[White "Pepecuenca2"]
[Black "Chessmaestro"]
[Result "1-0"]
[WhiteElo "2383"]
[BlackElo "2652"]
[PlyCount "61"]
[EventDate "2009.10.24"]
[EventType "swiss (blitz)"]

1. e4 {[%emt 0:00:06]} c5 {[%emt 0:00:04]} 2. Nf3 {[%emt 0:00:02]} d6 {[%emt 0:
00:01]} 3. d4 {[%emt 0:00:01]} cxd4 {[%emt 0:00:01]} 4. Nxd4 {[%emt 0:00:00]}
Nf6 {[%emt 0:00:00]} 5. Nc3 {[%emt 0:00:01]} a6 {[%emt 0:00:00]} 6. Bg5 {[%emt
0:00:08]} e6 {[%emt 0:00:01]} 7. f4 {[%emt 0:00:01]} Nbd7 {[%emt 0:00:01]} 8.
Qf3 {[%emt 0:00:01]} Qc7 {[%emt 0:00:02]} 9. O-O-O {[%emt 0:00:01]} Be7 {[%emt
0:00:01]} 10. g4 {[%emt 0:00:01]} b5 {[%emt 0:00:01]} 11. Bxf6 {[%emt 0:00:01]}
Nxf6 {[%emt 0:00:01]} 12. g5 {[%emt 0:00:00]} Nd7 {[%emt 0:00:01]} 13. Nf5 {
[%emt 0:00:00]} exf5 {[%emt 0:00:04]} 14. Nd5 {[%emt 0:00:01]} Qd8 {[%emt 0:00:
25]} 15. exf5 {[%emt 0:00:03]} Bb7 {[%emt 0:00:05]} 16. f6 {[%emt 0:00:06]}
gxf6 {[%emt 0:00:13]} 17. Nxf6+ {[%emt 0:00:02]} Nxf6 {[%emt 0:00:37]} 18. Qxb7
{[%emt 0:00:03]} Nd7 {[%emt 0:00:33]} 19. Bh3 {[%emt 0:00:01]} Nc5 {[%emt 0:00:
08]} 20. Qc6+ {[%emt 0:00:04]} Kf8 {[%emt 0:00:03]} 21. Kb1 {[%emt 0:00:03]} h6
{[%emt 0:00:13]} 22. Bf5 {[%emt 0:00:37]} Ra7 {[%emt 0:00:35]} 23. h4 {[%emt 0:
00:07]} Qc7 {[%emt 0:00:23]} 24. Qd5 {[%emt 0:00:22] .} hxg5 {[%emt 0:00:08]}
25. fxg5 {[%emt 0:00:02]} Qb7 {[%emt 0:00:02]} 26. Qd4 {[%emt 0:00:01]} Rg8 {
[%emt 0:00:01]} 27. Rhf1 {[%emt 0:00:05]} Ra8 {[%emt 0:00:07]} 28. g6 {[%emt 0:
00:05]} f6 {[%emt 0:00:04]} 29. h5 {[%emt 0:00:04]} Kg7 {[%emt 0:00:01]} 30.
h6+ {[%emt 0:00:03]} Kxh6 {[%emt 0:00:04]} 31. Qh4+ {[%emt 0:00:02]
Chessmaestro ñäàåòñÿ} 1-0